|
|
|
|
| LEADER |
00000nab a2200000 a 4500 |
| 001 |
vtls000738513 |
| 003 |
SK-MaSNL |
| 005 |
20260305001756.0 |
| 008 |
160405c2000 xo 0 slo |
| 015 |
|
|
|a SNBRB2001/02-05342
|
| 035 |
|
|
|a CLN000090378
|
| 040 |
|
|
|a SNKBUCL
|b slo
|c SNKBUCL
|e AACR2
|
| 041 |
0 |
|
|a slo
|
| 044 |
|
|
|a xo
|c SK
|
| 080 |
|
|
|a 616.728.2-001.6-053.1-08:615.477.31
|2 1997
|
| 080 |
|
|
|a 615.477.31
|2 1997
|
| 100 |
1 |
|
|a Bialik, Viktor,
|d 1942-
|4 aut
|9 16180
|
| 245 |
1 |
0 |
|a K otázke Pavlíkovej metódy v liečbe vývojovej dysplázie bedrového kĺbu
|c V. Bialik, M. Kokavec
|
| 246 |
1 |
1 |
|a The Question of Pavlík's Treatment of Developmental Dysplasia of the Hip
|
| 300 |
|
|
|b Tab.
|
| 504 |
|
|
|a Bibliogr. odkazy
|
| 650 |
0 |
7 |
|a dysplázia bedrového kĺbu
|2 snkbucl
|9 114285
|
| 650 |
0 |
7 |
|a metóda Pavlíkova
|2 snkbucl
|9 1577369
|
| 650 |
0 |
7 |
|a strmienky
|2 snkbucl
|9 1577370
|
| 650 |
0 |
7 |
|a kosti
|2 snkbucl
|9 1051
|
| 650 |
0 |
7 |
|a deti
|2 snkbucl
|9 773
|
| 650 |
0 |
7 |
|a nekróza (medicína)
|2 snkbucl
|9 15734
|
| 650 |
0 |
7 |
|a pomôcky ortopedické fixačné
|2 snkbucl
|9 846492
|
| 650 |
0 |
7 |
|a choroby kostí
|2 snkbucl
|9 954
|
| 650 |
0 |
7 |
|a bedrový kĺb
|2 snkbucl
|9 97627
|
| 655 |
|
7 |
|a články z novín a časopisov
|2 snkbucl
|9 267496
|
| 700 |
1 |
|
|a Kokavec, Milan,
|d 1965-
|4 aut
|9 100773
|
| 773 |
0 |
|
|x 0001-5415
|t Acta chirurgiae orthopaedicae et traumatologiae čechoslovaca
|g Roč. 67, č. 4 (2000), s. 253-258
|
| 850 |
|
|
|a Slovenská národná knižnica v Martine
|
| 852 |
|
|
|a SNK
|b KIS3GCP
|
| 958 |
|
|
|a MI
|
| 958 |
|
|
|a NB
|
| 958 |
|
|
|a RBX
|
| 999 |
|
|
|c 3221213
|d 3223143
|